000 00477nam a2200169Ia 4500
003 GCL
008 140319s9999 xx 000 0 eng d
040 _aGCL /
_cGCL
082 0 4 _a337
_bI I
100 1 _aPANEL OF SPECIALISTS
245 1 0 _aINTERNATIONAL ECONOMICS, 30 th ed /
_cPANEL OF SPECIALISTS
260 _a[S.N] :
_bMACMILLAN PUBLISHING COMPANY ،
_c1993
650 0 4 _aECONOMICS, PLANNING
650 0 4 _aECONOMICS
650 0 4 _aECONOMICS - THEORIES
942 _2ddc
_cBK
999 _c16568
_d16568